Southville International School and Colleges
Your cart is empty.
  • Cart
  • Lists
    Public lists Eva Luna New books Lux_list list_1
    Your lists Log in to create your own lists
  • Log in to your account
  • Your cookies
  • Search history
Southville International School and Colleges
  • Advanced search
  • Recent comments
  • Most popular
  • Libraries

Log in to your account

Log in with GOOGLE


If you do not have an external account, but do have a local account, you can still log in:

  1. Home
  2. MARC view: Nuggets of wisdom /
Normal view MARC view ISBD view

Nuggets of wisdom / (Record no. 2655)

[ view plain ]
MARC details
000 -LEADER
fixed length control field 00615nam a22002177a 4500
003 - CONTROL NUMBER IDENTIFIER
control field OSt
005 - DATE AND TIME OF LATEST TRANSACTION
control field 20140310181738.0
008 - FIXED-LENGTH DATA ELEMENTS--GENERAL INFORMATION
fixed length control field 130321t xxu||||| |||| 00| 0 eng d
020 ## - INTERNATIONAL STANDARD BOOK NUMBER
International Standard Book Number 9715811574
Terms of availability 9718573062
050 ## - LIBRARY OF CONGRESS CALL NUMBER
Classification number PN 6081
Item number .R574 2005
082 ## - DEWEY DECIMAL CLASSIFICATION NUMBER
Classification number TR 808.88
Item number R45 2005
100 ## - MAIN ENTRY--PERSONAL NAME
Personal name Rilloma, Nestor C.
245 ## - TITLE STATEMENT
Title Nuggets of wisdom /
Statement of responsibility, etc Nestor C. Rilloma and Jose F. Sarsoza, Jr.
260 ## - PUBLICATION, DISTRIBUTION, ETC. (IMPRINT)
Place of publication, distribution, etc Philippines :
Name of publisher, distributor, etc Philippine Publishing House,
Date of publication, distribution, etc c2005.
300 ## - PHYSICAL DESCRIPTION
Extent 176 p. :
Other physical details ill. col. ;
Dimensions 24 cm.
520 ## - SUMMARY, ETC.
Summary, etc
562 ## - COPY AND VERSION IDENTIFICATION NOTE
Number of copies 1
650 ## - SUBJECT ADDED ENTRY--TOPICAL TERM
Topical term or geographic name as entry element Quotations, English.
942 ## - ADDED ENTRY ELEMENTS (KOHA)
Source of classification or shelving scheme Library of Congress Classification
Koha item type Books
Holdings
Withdrawn status Lost status Source of classification or shelving scheme Damaged status Home library Current library Shelving location Date acquired Total Checkouts Full call number Barcode Date last seen Copy number Price effective from Koha item type Source of acquisition
    Library of Congress Classification   Luxembourg Library Luxembourg Library Teachers Reference Section 03/21/2013   PN 6081 .R574 2005 17430 08/13/2013 1 10/03/2013 Books  
    Library of Congress Classification   Luxembourg Library Luxembourg Library Teachers Reference Section 07/13/2013   PN 6081 .N968 2002 11412 08/13/2013 1 07/13/2013 Books Donation

Nuggets of wisdom /

APA

Rilloma N. C., . (2005). Nuggets of wisdom. Philippines: Philippine Publishing House.

Chicago

Rilloma Nestor C, . 2005. Nuggets of wisdom. Philippines: Philippine Publishing House.

Harvard

Rilloma N. C., . (2005). Nuggets of wisdom. Philippines: Philippine Publishing House.

MLA

Rilloma Nestor C, . Nuggets of wisdom. Philippines: Philippine Publishing House. 2005.

  • Place hold
  • Print
  • Cite
  • Add to your cart (remove)
  • Save record
    BIBTEX Dublin Core MARCXML MARC (non-Unicode/MARC-8) MARC (Unicode/UTF-8) MARC (Unicode/UTF-8, Standard) MODS (XML) RIS
  • More searches
    Search for this title in:
    Other Libraries (WorldCat) Other Databases (Google Scholar) Online Stores (Bookfinder.com) Open Library (openlibrary.org)

Exporting to Dublin Core...

SOUTHVILLE LIBRARY

Southville International School and Colleges Library

1281 Tropical Ave. Cor. Luxembourg St., BF Homes International, Las Pinas City

Tel. No. 8256374 / 252358 Loc. 117/146

Powered by Koha